Mathematical Modeling of Combustion of a Mixture of Ultradisperse Aluminum Powder with Water; Journal of Engineering Physics and Thermophysics; Vol. 89, iss. 2
| Parent link: | Journal of Engineering Physics and Thermophysics Vol. 89, iss. 2.— 2016.— [P. 458–465] |
|---|---|
| Autore principale: | |
| Ente Autore: | |
| Altri autori: | , |
| Riassunto: | Title screen The authors present a physicomathematical model of combustion of a mixed solid fuel in the form of a mixture of ultradisperse aluminum powder with gel-like water. The model takes account of the combustion of aluminum particles in steam, the motion of combustion products, and the lag of the velocity of motion of the particles behind that of the gas. The results of calculating the combustion rate are consistent with experimental data on the dependence of the rate of combustion of the mixture of ultradisperse aluminum powder with water on pressure. Режим доступа: по договору с организацией-держателем ресурса |
| Lingua: | inglese |
| Pubblicazione: |
2016
|
| Soggetti: | |
| Accesso online: | http://dx.doi.org/10.1007/s10891-016-1396-6 |
| Natura: | MixedMaterials Elettronico Capitolo di libro |
| KOHA link: | https://koha.lib.tpu.ru/cgi-bin/koha/opac-detail.pl?biblionumber=655098 |
MARC
| LEADER | 00000naa0a2200000 4500 | ||
|---|---|---|---|
| 001 | 655098 | ||
| 005 | 20250314105526.0 | ||
| 035 | |a (RuTPU)RU\TPU\network\20902 | ||
| 035 | |a RU\TPU\network\20790 | ||
| 090 | |a 655098 | ||
| 100 | |a 20170629d2016 k||y0rusy50 ba | ||
| 101 | 0 | |a eng | |
| 102 | |a US | ||
| 135 | |a drcn ---uucaa | ||
| 181 | 0 | |a i | |
| 182 | 0 | |a b | |
| 200 | 1 | |a Mathematical Modeling of Combustion of a Mixture of Ultradisperse Aluminum Powder with Water |f A. Yu. Krainov, D. A. Kraynov, V. A. Poryazov | |
| 203 | |a Text |c electronic | ||
| 300 | |a Title screen | ||
| 320 | |a [References: p. 464-465 (22 tit.)] | ||
| 330 | |a The authors present a physicomathematical model of combustion of a mixed solid fuel in the form of a mixture of ultradisperse aluminum powder with gel-like water. The model takes account of the combustion of aluminum particles in steam, the motion of combustion products, and the lag of the velocity of motion of the particles behind that of the gas. The results of calculating the combustion rate are consistent with experimental data on the dependence of the rate of combustion of the mixture of ultradisperse aluminum powder with water on pressure. | ||
| 333 | |a Режим доступа: по договору с организацией-держателем ресурса | ||
| 461 | |t Journal of Engineering Physics and Thermophysics | ||
| 463 | |t Vol. 89, iss. 2 |v [P. 458–465] |d 2016 | ||
| 610 | 1 | |a электронный ресурс | |
| 610 | 1 | |a труды учёных ТПУ | |
| 610 | 1 | |a ультрадисперсные порошки | |
| 610 | 1 | |a алюминид титана | |
| 610 | 1 | |a алюминий | |
| 610 | 1 | |a горение | |
| 610 | 1 | |a газовая фаза | |
| 610 | 1 | |a математическое моделирование | |
| 610 | 1 | |a ultradisperse aluminum powder | |
| 610 | 1 | |a water | |
| 610 | 1 | |a rate of combustion | |
| 610 | 1 | |a processes in the gas phase | |
| 610 | 1 | |a mathematical modeling | |
| 700 | 1 | |a Krainov |b A. Yu. | |
| 701 | 1 | |a Kraynov (Krainov) |b D. A. |c specialist in the field of thermal engineering |c Assistant of the Department of Tomsk Polytechnic University, Candidate of physical and mathematical sciences |f 1988- |g Dmitry Alekseevich |3 (RuTPU)RU\TPU\pers\38865 | |
| 701 | 1 | |a Poryazov |b V. A. | |
| 712 | 0 | 2 | |a Национальный исследовательский Томский политехнический университет (ТПУ) |b Энергетический институт (ЭНИН) |b Кафедра теоретической и промышленной теплотехники (ТПТ) |3 (RuTPU)RU\TPU\col\18679 |
| 801 | 2 | |a RU |b 63413507 |c 20170629 |g RCR | |
| 856 | 4 | |u http://dx.doi.org/10.1007/s10891-016-1396-6 | |
| 942 | |c CF | ||